000 01247nam a22002657a 4500
005 20100928110826.0
008 100928t xxu||||| |||| 00| 0 mar d
010 _aMAR-20322
020 _c70.00
_a9788177865561
035 _aMR-12980
037 _bDBAD / PUB
040 _aDPL
_bMR
082 _a646.72
100 _922134
_aकाचोळे,रोहिणी संजय
245 _aसौंदर्याची गुपिते :
_cरोहिणी संजय काचोळे
_bनैसर्गिकपणे सौंदर्य खुलवणारी /
246 _aSaundryachi Gupite
_bby Rohini Sanjay Kachole
260 _aऔरंगाबाद
_bसाकेत प्रकाशन
_c2010
270 _a115,म.गांधीनगर स्टेशनरोड
_bऔरंगाबाद
_e431005
300 _a91पृ
_c21सेमी (अजिल्द)
650 _aसौंदर्य
_922255
650 _aBeauty Care
_922256
700 _922381
942 _2ddc
_cMR
_h646.72
_mकाचोळे
999 _c47978
_d47978